000 00430ntaaa2200181 4500
003 01
005 20251027202117.0
008 0714s1973 ag 01
040 _aAR-BaBN
_bspa
_cAR-BaBN
_eaacr
_dRIC
082 _a253.0000 B56
100 _aBlackwood, Andrew N
_919560
245 _aThe growing minister
250 _a1 ed.
260 _aNew York :
_bAbingdon Press,
_cc1960
300 _a192 p
650 _apastor
942 _cBK
999 _c15961
_d15961